Jarnailī Saṛak : (Record no. 330602)
[ view plain ]
| 000 -LEADER | |
|---|---|
| fixed length control field | 00989cam a22002417a 4500 |
| 001 - CONTROL NUMBER | |
| control field | 1050086 |
| 003 - CONTROL NUMBER IDENTIFIER | |
| control field | NUST |
| 005 - DATE AND TIME OF LATEST TRANSACTION | |
| control field | 20170725105030.0 |
| 008 - FIXED-LENGTH DATA ELEMENTS--GENERAL INFORMATION | |
| fixed length control field | 911105s1989 pk 000 0 urdo |
| 010 ## - LIBRARY OF CONGRESS CONTROL NUMBER | |
| LC control number | 89933685 |
| 020 ## - INTERNATIONAL STANDARD BOOK NUMBER | |
| International Standard Book Number | 9693501977 |
| 040 ## - CATALOGING SOURCE | |
| Original cataloging agency | DLC |
| Transcribing agency | DLC |
| 050 00 - LIBRARY OF CONGRESS CALL NUMBER | |
| Classification number | MLCSA 95/321 (D) |
| 082 ## - DEWEY DECIMAL CLASSIFICATION NUMBER | |
| Classification number | 910.4 |
| Author Mark | ABI |
| 100 1# - MAIN ENTRY--PERSONAL NAME | |
| Personal name | ʻĀbidī, Raz̤ā ʻAlī, |
| Dates associated with a name | 1936- |
| 9 (RLIN) | 3428 |
| 245 10 - TITLE STATEMENT | |
| Title | Jarnailī Saṛak : |
| Remainder of title | Pāk o Hind kī tārīk̲h̲ī shāhrāh par musāfirat aur mushāhidāt-i nau : Bī.Bī.Sī. Landan kī Urdū Sarvis ke silsilevār progrām Jarnailī Saṛak par mabnī dastāvez / |
| Statement of responsibility, etc. | Raz̤ā ʻAlī ʻĀbidī. |
| 250 ## - EDITION STATEMENT | |
| Edition statement | Aiḍīshan 1. |
| 260 ## - PUBLICATION, DISTRIBUTION, ETC. | |
| Place of publication, distribution, etc. | Karāchī : |
| Name of publisher, distributor, etc. | Sang-e- mil publication, |
| Date of publication, distribution, etc. | 2005. |
| 300 ## - PHYSICAL DESCRIPTION | |
| Extent | 310 p. ; |
| Dimensions | 22 cm. |
| 546 ## - LANGUAGE NOTE | |
| Language note | In Urdu. |
| 653 ## - INDEX TERM--UNCONTROLLED | |
| Uncontrolled term | Description and travel along the Grand Trunk Road, from Peshawar, Pakistan, to Calcutta, India |
| 880 ## - ALTERNATE GRAPHIC REPRESENTATION | |
| Linkage | 100-01\(3\r |
| Title | رضا علی عابدی |
| 880 ## - ALTERNATE GRAPHIC REPRESENTATION | |
| Linkage | 245-02\(3\r |
| Title | جرنیلی سڑک : |
| b | بی بی سی لندن کی اردو سروس کے سلسلے وار پروگرام جرنیلی سٹرک پر مبنی دستاویز |
| c | رضا علی عابدی |
| 880 ## - ALTERNATE GRAPHIC REPRESENTATION | |
| Linkage | 260-03\(3\r |
| Title | لاہور: |
| b | سنگ میل پبلی کیشنز، |
| c | 2005 |
| 906 ## - LOCAL DATA ELEMENT F, LDF (RLIN) | |
| a | 7 |
| b | cbc |
| c | orignew |
| d | 4 |
| e | ncip |
| f | 19 |
| g | y-gencatlg |
| 942 ## - ADDED ENTRY ELEMENTS (KOHA) | |
| Source of classification or shelving scheme | |
| Koha item type | Book |
| Withdrawn status | Lost status | Source of classification or shelving scheme | Damaged status | Not for loan | Permanent Location | Current Location | Shelving location | Date acquired | Total Checkouts | Full call number | Barcode | Date last seen | Date last checked out | Copy number | Price effective from | Koha item type |
|---|---|---|---|---|---|---|---|---|---|---|---|---|---|---|---|---|
| Central Library (CL) | Central Library (CL) | Fiction | 07/25/2017 | 5 | 910.4 ABI | CL1968 | 02/14/2025 | 10/13/2021 | 1 | 07/25/2017 | Book |
